书目信息 |
| 题名: |
李渔传
|
|
| 作者: | 徐保卫著 | |
| 分册: | ||
| 出版信息: | 天津 百花文艺出版社 2002.10 |
|
| 页数: | 299页 | |
| 开本: | 21cm | |
| 丛书名: | ||
| 单 册: | ||
| 中图分类: | K825.6=48 | |
| 科图分类: | ||
| 主题词: | ||
| 电子资源: | ||
| ISBN: | 7-5306-3455-0 | |
| 000 | 00479Pam2 2200181 45 | |
| 001 | JMS0005047 | |
| 005 | 20040206174834.8 | |
| 010 | @a7-5306-3455-0@dCNY16.00 | |
| 100 | @a20030410d2002 ekmy1chiy0120 ea | |
| 101 | 0 | @achi |
| 105 | @a z 000yb | |
| 200 | 1 | @a李渔传@f徐保卫著 |
| 210 | @a天津@c百花文艺出版社@d2002.10 | |
| 215 | @a299页@d21cm | |
| 600 | 0 | @a李渔(1611-1680)@x传记 |
| 690 | @aK825.6=48@v4 | |
| 801 | @aCN@bTSTCL@c20040206 | |
| 905 | @b334015-019@dK825.6=48@e329@f5 | |
| 李渔传/徐保卫著.-天津:百花文艺出版社,2002.10 |
| 299页;21cm |
| ISBN 7-5306-3455-0:CNY16.00 |
| ● |
| 相关链接 |
|
|
|
|
正题名:李渔传
索取号:K825.6=48/329
 
预约/预借
| 序号 | 登录号 | 条形码 | 馆藏地/架位号 | 状态 | 备注 |
| 1 | 0334015 | 203340152 | 第二借阅区/ [索取号:K825.6=48/329] | 在馆 | |
| 2 | 0334016 | 203340161 | 第二借阅区/ [索取号:K825.6=48/329] | 在馆 | |
| 3 | 0334017 | 203340170 | 第二借阅区/ [索取号:K825.6=48/329] | 在馆 | |
| 4 | 0334018 | 203340189 | 第二借阅区/ [索取号:K825.6=48/329] | 在馆 | |
| 5 | 0334019 | 203340198 | 第二样本阅览室/ [索取号:K825.6=48/329] | 在馆 |